Desarrollo sustentable (Registro nro. 7842)
[ vista simple ]
| 000 -Cabecera | |
|---|---|
| Campo de control de longitud fija | 01269ntm a22004337a 4500 |
| 005 - Fecha y hora de la última transacción | |
| Campo de control | 20250729161645.0 |
| 008 - Elementos de longitud fija--Información general | |
| Campo de control de longitud fija | 160314b2013 xxu||||| |||| 00| | spa d |
| 020 ## - International Standard Book Number | |
| Número Internacional Estándar del Libro (ISBN) | 9786074386608 |
| 041 ## - Idioma | |
| Código de idioma | Español |
| 082 ## - Clasificación Decimal Dewey | |
| Número de clasificación | 333.72 E82d |
| 100 ## - Entrada principal--Autor personal | |
| Nombre personal | Estrella Suárez, María verónica |
| 9 (RLIN) | 6948 |
| 100 ## - Entrada principal--Autor personal | |
| Nombre personal | González Vásquez, Arturo |
| 9 (RLIN) | 6949 |
| 245 ## - Título propiamente dicho | |
| Título | Desarrollo sustentable |
| 260 ## - Pie de imprenta | |
| Lugar de publicación, distribución, etc. | México |
| Nombre del editor, distribuidor, etc. | Patria |
| Fecha de publicación, distribución, etc. | 2013 |
| 300 ## - Descripción física | |
| Extensión | 208 páginas |
| 490 ## - Serie | |
| Título de la Serie | Turismo |
| 505 ## - Nota de contenido | |
| Nota de contenido | Contiene disco compacto N 744 |
| 650 ## - Materia general | |
| Temática (materia general) | DESARROLLO SUSTENTABLE |
| 650 ## - Materia general | |
| Temática (materia general) | DESARROLLO SOSTENIBLE |
| 650 ## - Materia general | |
| Temática (materia general) | SUSTENTABILIDAD |
| 650 ## - Materia general | |
| Temática (materia general) | ECOSISTEMAS |
| 650 ## - Materia general | |
| Temática (materia general) | CICLOS BIOQUÍMICOS |
| 650 ## - Materia general | |
| Temática (materia general) | CICLOS SEDIMENTARIOS |
| 650 ## - Materia general | |
| Temática (materia general) | CICLO HIDROLÓGICO |
| 650 ## - Materia general | |
| Temática (materia general) | CICLOS GASEOSOS |
| 650 ## - Materia general | |
| Temática (materia general) | BIODIVERSIDAD |
| 650 ## - Materia general | |
| Temática (materia general) | FENÓMENOS NATURALES |
| 650 ## - Materia general | |
| Temática (materia general) | DESASTRES NATURALES (CLASIFICACIÓN) |
| 650 ## - Materia general | |
| Temática (materia general) | HUELLA ECOLÓGICA |
| 650 ## - Materia general | |
| Temática (materia general) | CAMBIO CLÍMATICO |
| 650 ## - Materia general | |
| Temática (materia general) | CONTAMINACIÓN AMBIENTAL |
| 650 ## - Materia general | |
| Temática (materia general) | CARTA DE LA TIERRA |
| 650 ## - Materia general | |
| Temática (materia general) | USO EFICIENTE DE LA ENERGÍA |
| 650 ## - Materia general | |
| Temática (materia general) | CICLOS DE VIDA DE LOS RECURSOS NATURALES |
| 650 ## - Materia general | |
| Temática (materia general) | RESIDUOS SÓLIDOS |
| 650 ## - Materia general | |
| Temática (materia general) | CIUDADES SUTENTABLE |
| 650 ## - Materia general | |
| Temática (materia general) | EDUCACIÓN AMBIENTAL |
| 942 ## - Punto de acceso adicional KOHA | |
| Tipo de ítem KOHA | Libro |
| Fuente del sistema de clasificación o colocación | Dewey Decimal Classification |
| Signatura completa | Código de barras | Programa Académico | Tipo de ítem |
|---|---|---|---|
| 333.72 E82d | 20854 | Turismo | Libro |
| 744 DC | 744DC | Libro |